Eros in Vaticano : romanzo erotico /

Guardat en:
Dades bibliogràfiques
Autor principal: Grotz, Herman (Autor)
Format: Llibre
Idioma:italià
Publicat: Roma : Edizioni Libreria Croce, stampa 2000
Col·lecció:All'ombra del cupolone ; 1
OffSide
Etiquetes: Afegir etiqueta
Sense etiquetes, Sigues el primer a etiquetar aquest registre!

MARC

LEADER 00000nam a22000007i 4500
001 IT\ICCU\MOD\0408949
003 ItRI
005 20260213190646.0
008 010330s2000 it |||||| ||||| |||||c
020 |a 8887323267 
040 |b ita  |c GP 
041 7 |a ita  |2 ISO-639-2 
082 |a 853.92  |2 21 
100 1 |a Grotz, Herman  |0 IT\ICCU\MODV\160496  |4 aut 
245 1 0 |a Eros in Vaticano :  |b romanzo erotico /  |c Hermann Grotz. 
260 |a Roma :  |b Edizioni Libreria Croce,  |c stampa 2000 
300 |a 112 p. ;  |c 21 cm. 
830 0 |a All'ombra del cupolone ;  |v 1  |0 IT\ICCU\MOD\0408948 
830 0 |a OffSide  |0 IT\ICCU\RMS\0086921 
942 |2 ddc  |c BK 
952 |0 0  |1 0  |2 ddc  |4 0  |6 853_920000000000000_GRO  |7 1  |9 786  |a RM  |b RM  |d 2024-02-27  |l 0  |o 853.92 GRO  |p 325  |r 2024-02-27 18:51:11  |w 2024-02-27  |y BK 
952 |0 0  |1 0  |2 ddc  |4 0  |6 B_LNR02GROHEERO11  |7 0  |9 5323  |a MI  |b MI  |d 2005-08-22  |i 4764  |l 0  |o B-LNR02-GROHE-ERO11  |p CDOM4764  |r 2025-07-13 16:27:57  |w 2025-07-13  |x ACQUISTO  |y BK 
952 |0 0  |1 0  |4 0  |6 DOC_853_920000000000000_GRO  |7 0  |9 18107  |a BO  |b BO  |d 2026-01-15  |i 9516  |l 0  |o DOC 853.92 GRO  |p BO9516  |r 2026-01-15 23:19:53  |w 2026-01-15  |x [Sebina 5] [1 v. (3. copia)]  |y BK  |z 1 v. (3. copia) 
952 |0 0  |1 0  |4 0  |6 DOC_853_920000000000000_GRO  |7 0  |9 18108  |a BO  |b BO  |d 2026-01-15  |i 5905  |l 0  |o DOC 853.92 GRO  |p BO5905  |r 2026-01-15 23:19:53  |w 2026-01-15  |x [Sebina 5] [1 v.]  |y BK  |z 1 v. 
952 |0 0  |1 0  |4 0  |6 DOC_853_920000000000000_GRO  |7 0  |9 18109  |a BO  |b BO  |d 2026-01-15  |i 5373  |l 0  |o DOC 853.92 GRO  |p BO5373  |r 2026-01-15 23:19:53  |w 2026-01-15  |x [Sebina 5] [1 v.]  |y BK  |z 1 v. 
999 |c 738  |d 738